000 00325nam a2200133Ia 4500
008 220204s9999 xx 000 0 und d
082 _a576.316
_bPEA.5
100 _aLEWIS, K R
245 0 _aChromosomes today. V 5.
260 _aNew York
_bJohn Wiley
_c1976
650 _aChromosome
700 _aPEARSON, P L
942 _cBK
999 _c27268
_d27268